| Tag |
First Indicator |
Second Indicator |
Subfields |
| LEADER |
00000cam a2200000Ka 4500 |
| 001 |
in00002175366 |
| 005 |
20151104053946.0 |
| 008 |
050415s2006 nyua j 001 0 eng d |
| 020 |
|
|
|a 0022820051 (gr.1 - Readers)
|
| 020 |
|
|
|a 0022814760 (Texas teacher's ed. - gr. 1)
|
| 020 |
|
|
|a 0022819916 (Masters - gr.1)
|
| 020 |
|
|
|a 0022814825 (Big Book no.1 - gr.1)
|
| 020 |
|
|
|a 0022814787 (Big Book no.2 - gr.1)
|
| 020 |
|
|
|a 002282006X (gr.2-Readers)
|
| 020 |
|
|
|a 0022814779 (Texas teacher's ed. - gr.2)
|
| 020 |
|
|
|a 0022819924 (Masters - gr.2)
|
| 020 |
|
|
|a 0022814833 (Big Book no.1 - gr.2)
|
| 020 |
|
|
|a 0022814795 (Big Book no.2 - gr.2)
|
| 020 |
|
|
|a 0022803742 (Texas student ed. gr.3)
|
| 020 |
|
|
|a 0022804072 (Texas teacher's ed. - gr.3)
|
| 020 |
|
|
|a 0022806199 (Assessment - gr.3)
|
| 020 |
|
|
|a 0022803750 (Texas student ed. gr.4)
|
| 020 |
|
|
|a 0022804080 (Texas teacher's ed. - gr. 4)
|
| 020 |
|
|
|a 0022814841 (body book - gr.4)
|
| 020 |
|
|
|a 0022814884 (body book - gr.4 teacher's guide)
|
| 020 |
|
|
|a 0088206210 (Assessment - gr.4)
|
| 020 |
|
|
|a 0022803769 (Texas student ed. gr.5)
|
| 020 |
|
|
|a 0022804099 (Texas teacher's ed. - gr.5)
|
| 020 |
|
|
|a 0022814841 (body book gr.5)
|
| 020 |
|
|
|a 0022814884 (body book - gr.5 teacher's guide)
|
| 020 |
|
|
|a 0022806229 (Assessment - gr.5)
|
| 020 |
|
|
|a 0022803777 (Texas student ed. gr. 6)
|
| 020 |
|
|
|a 0022804102 (Texas teacher's ed. gr.6)
|
| 020 |
|
|
|a 0022814841 (body book - gr.6)
|
| 020 |
|
|
|a 0022814884 (body book gr. 6 teacher's guide)
|
| 020 |
|
|
|a 0022806237 (Assessment - gr.6)
|
| 020 |
|
|
|a 0022803785 (Texas student ed. gr.7)
|
| 020 |
|
|
|a 0022804110 (Texas teacher's ed. gr.7)
|
| 020 |
|
|
|a 002281485X (relationships book - gr.7)
|
| 020 |
|
|
|a 0022814892 (relationships book gr.7 teacher's guide)
|
| 020 |
|
|
|a 0022806245 (Assessment gr.7)
|
| 020 |
|
|
|a 0022803793 (Texas student ed. gr.8)
|
| 020 |
|
|
|a 0022804137 (Texas teacher's ed. gr.8)
|
| 020 |
|
|
|a 002281485X (relationships book - gr.8)
|
| 020 |
|
|
|a 0022814892 (relationships book gr.8 teacher's guide)
|
| 020 |
|
|
|a 0022806687 (Assessment gr.8)
|
| 035 |
|
|
|a (OCoLC)ocm59006934
|
| 040 |
|
|
|a TXV
|c TXV
|d TXA
|d UtOrBLW
|
| 049 |
|
|
|a TXAM
|
| 090 |
|
|
|a RA440.5
|b .M43 2006
|
| 100 |
1 |
|
|a Meeks, Linda Brower.
|
| 245 |
1 |
0 |
|a Health & wellness /
|c Linda Meeks, Philip Heit.
|
| 246 |
3 |
|
|a Health and wellness
|
| 250 |
|
|
|a Texas ed.
|
| 264 |
|
1 |
|a New York :
|b Macmillan/McGraw-Hill,
|c [2006]
|
| 264 |
|
4 |
|c ©2006
|
| 300 |
|
|
|a 8 volumes :
|b color illustrations ;
|c 28-30 cm. +
|e Texas teacher's edition (8 volumes : color illustrations ; 29-31 cm.) + assessment book (8 volumes : illustrations ; 28 cm.) + supplement (5 volumes : color illustrations ; 28 cm.) + supplement teacher's guide (5 volumes : color illustrations ; 28 cm.) + Big Books (2 volumes : color illustrations ; 46 cm.)
|
| 336 |
|
|
|a text
|b txt
|2 rdacontent
|
| 337 |
|
|
|a unmediated
|b n
|2 rdamedia
|
| 338 |
|
|
|a volume
|b nc
|2 rdacarrier
|
| 500 |
|
|
|a Includes index.
|
| 500 |
|
|
|a Texas State Adopted Textbooks; 2005-2006.
|
| 500 |
|
|
|a Conforming.
|
| 500 |
|
|
|a Gr. 1-2 have set of 10 readers housed in a folder. Gr. 4-6 have supplemental "Your Body Book" with accompanying teacher's guide; Gr. 7-8 have supplemental "Your Relationships" book with accompanying teacher's guide. All grades have Assessment book. Gr. 1-2 also have Big Books.
|
| 521 |
2 |
|
|a Grades 1-8.
|
| 650 |
|
0 |
|a Health education (Elementary)
|v Textbooks.
|
| 650 |
|
0 |
|a Health education (Middle school)
|v Textbooks.
|
| 700 |
1 |
|
|a Heit, Philip.
|
| 948 |
|
|
|a cataloged
|b cmulkey
|c 2006/6/13
|d 4:30:38 pm
|
| 994 |
|
|
|a C0
|b TXA
|
| 999 |
|
|
|a MARS
|
| 999 |
f |
f |
|s bed6c67f-0df9-3edc-8ce1-2784aef00a2f
|i e6972cf0-1a03-35b8-a8d5-60d5db66cff8
|t 0
|
| 952 |
f |
f |
|p normal
|a Texas A&M University
|b College Station
|c Sterling C. Evans Library
|d Evans: Curriculum Collection Textbooks (4th floor)
|t 0
|e RA440.5 .M43 2006
|h Library of Congress classification
|i unmediated -- volume
|k Gr.4:Teachers ed.
|m A14834522942
|
| 952 |
f |
f |
|p normal
|a Texas A&M University
|b College Station
|c Sterling C. Evans Library
|d Evans: Curriculum Collection Textbooks (4th floor)
|t 0
|e RA440.5 .M43 2006
|h Library of Congress classification
|i unmediated -- volume
|k Gr:4:Suppl.
|m A14834522968
|
| 952 |
f |
f |
|p normal
|a Texas A&M University
|b College Station
|c Sterling C. Evans Library
|d Evans: Curriculum Collection Textbooks (4th floor)
|t 0
|e RA440.5 .M43 2006
|h Library of Congress classification
|i unmediated -- volume
|k Gr.3:Assessment
|m A14834523304
|
| 952 |
f |
f |
|p normal
|a Texas A&M University
|b College Station
|c Sterling C. Evans Library
|d Evans: Curriculum Collection Textbooks (4th floor)
|t 0
|e RA440.5 .M43 2006
|h Library of Congress classification
|i unmediated -- volume
|k Gr.1:Big Book:no.2
|m A14834523223
|
| 952 |
f |
f |
|p normal
|a Texas A&M University
|b College Station
|c Sterling C. Evans Library
|d Evans: Curriculum Collection Textbooks (4th floor)
|t 0
|e RA440.5 .M43 2006
|h Library of Congress classification
|i unmediated -- volume
|k Gr.7
|m A14834523087
|
| 952 |
f |
f |
|p normal
|a Texas A&M University
|b College Station
|c Sterling C. Evans Library
|d Evans: Curriculum Collection Textbooks (4th floor)
|t 0
|e RA440.5 .M43 2006
|h Library of Congress classification
|i unmediated -- volume
|k Gr.6:Suppl.
|m A14834523061
|
| 952 |
f |
f |
|p normal
|a Texas A&M University
|b J.J. Pickle Campus
|c High Density Repository
|d Remote Storage
|t 0
|e RA440.5 .M43 2006
|h Library of Congress classification
|i unmediated -- volume
|k Gr.8
|m A14834523134
|
| 952 |
f |
f |
|p normal
|a Texas A&M University
|b College Station
|c Sterling C. Evans Library
|d Evans: Curriculum Collection Textbooks (4th floor)
|t 0
|e RA440.5 .M43 2006
|h Library of Congress classification
|i unmediated -- volume
|k Gr.6
|m A14834523362
|
| 952 |
f |
f |
|p normal
|a Texas A&M University
|b College Station
|c Sterling C. Evans Library
|d Evans: Curriculum Collection Textbooks (4th floor)
|t 0
|e RA440.5 .M43 2006
|h Library of Congress classification
|i unmediated -- volume
|k Gr.1:Big Book:no.2
|m A14834522845
|
| 952 |
f |
f |
|p normal
|a Texas A&M University
|b J.J. Pickle Campus
|c High Density Repository
|d Remote Storage
|t 0
|e RA440.5 .M43 2006
|h Library of Congress classification
|i unmediated -- volume
|k Gr.3
|m A14834523281
|
| 952 |
f |
f |
|p normal
|a Texas A&M University
|b College Station
|c Sterling C. Evans Library
|d Evans: Curriculum Collection Textbooks (4th floor)
|t 0
|e RA440.5 .M43 2006
|h Library of Congress classification
|i unmediated -- volume
|k Gr.8:Suppl.:Teachers
|m A14834523508
|
| 952 |
f |
f |
|p normal
|a Texas A&M University
|b J.J. Pickle Campus
|c High Density Repository
|d Remote Storage
|t 0
|e RA440.5 .M43 2006
|h Library of Congress classification
|i unmediated -- volume
|k Gr.2
|m A14834523231
|
| 952 |
f |
f |
|p normal
|a Texas A&M University
|b College Station
|c Sterling C. Evans Library
|d Evans: Curriculum Collection Textbooks (4th floor)
|t 0
|e RA440.5 .M43 2006
|h Library of Congress classification
|i unmediated -- volume
|k Gr.1:Assessment
|m A14834522829
|
| 952 |
f |
f |
|p normal
|a Texas A&M University
|b College Station
|c Sterling C. Evans Library
|d Evans: Curriculum Collection Textbooks (4th floor)
|t 0
|e RA440.5 .M43 2006
|h Library of Congress classification
|i unmediated -- volume
|k Gr.1:Teachers
|m A14834523192
|
| 952 |
f |
f |
|p normal
|a Texas A&M University
|b College Station
|c Sterling C. Evans Library
|d Evans: Curriculum Collection Textbooks (4th floor)
|t 0
|e RA440.5 .M43 2006
|h Library of Congress classification
|i unmediated -- volume
|k Gr.8
|m A14834523469
|
| 952 |
f |
f |
|p normal
|a Texas A&M University
|b College Station
|c Sterling C. Evans Library
|d Evans: Curriculum Collection Textbooks (4th floor)
|t 0
|e RA440.5 .M43 2006
|h Library of Congress classification
|i unmediated -- volume
|k Gr.8:Assessment
|m A14834523150
|
| 952 |
f |
f |
|p normal
|a Texas A&M University
|b College Station
|c Sterling C. Evans Library
|d Evans: Curriculum Collection Textbooks (4th floor)
|t 0
|e RA440.5 .M43 2006
|h Library of Congress classification
|i unmediated -- volume
|k Gr.5:Teachers ed.
|m A14834523516
|
| 952 |
f |
f |
|p normal
|a Texas A&M University
|b College Station
|c Sterling C. Evans Library
|d Evans: Curriculum Collection Textbooks (4th floor)
|t 0
|e RA440.5 .M43 2006
|h Library of Congress classification
|i unmediated -- volume
|k Gr.2:Big Book:no.2
|m A14834522895
|
| 952 |
f |
f |
|p normal
|a Texas A&M University
|b College Station
|c Sterling C. Evans Library
|d Evans: Curriculum Collection Textbooks (4th floor)
|t 0
|e RA440.5 .M43 2006
|h Library of Congress classification
|i unmediated -- volume
|k Gr.6:Assessment
|m A14834523053
|
| 952 |
f |
f |
|p normal
|a Texas A&M University
|b College Station
|c Sterling C. Evans Library
|d Evans: Curriculum Collection Textbooks (4th floor)
|t 0
|e RA440.5 .M43 2006
|h Library of Congress classification
|i unmediated -- volume
|k Gr.1
|m A14834522803
|
| 952 |
f |
f |
|p normal
|a Texas A&M University
|b J.J. Pickle Campus
|c High Density Repository
|d Remote Storage
|t 0
|e RA440.5 .M43 2006
|h Library of Congress classification
|i unmediated -- volume
|k Gr.1:Teachers ed.
|m A14834522811
|
| 952 |
f |
f |
|p normal
|a Texas A&M University
|b J.J. Pickle Campus
|c High Density Repository
|d Remote Storage
|t 0
|e RA440.5 .M43 2006
|h Library of Congress classification
|i unmediated -- volume
|k Gr.4:Teachers ed.
|m A14834997985
|
| 952 |
f |
f |
|p normal
|a Texas A&M University
|b College Station
|c Sterling C. Evans Library
|d Evans: Curriculum Collection Textbooks (4th floor)
|t 0
|e RA440.5 .M43 2006
|h Library of Congress classification
|i unmediated -- volume
|k Gr.5:Suppl.:Teachers
|m A14834523532
|
| 952 |
f |
f |
|p normal
|a Texas A&M University
|b College Station
|c Sterling C. Evans Library
|d Evans: Curriculum Collection Textbooks (4th floor)
|t 0
|e RA440.5 .M43 2006
|h Library of Congress classification
|i unmediated -- volume
|k Gr.7:Suppl.:Teachers
|m A14834523451
|
| 952 |
f |
f |
|p normal
|a Texas A&M University
|b College Station
|c Sterling C. Evans Library
|d Evans: Curriculum Collection Textbooks (4th floor)
|t 0
|e RA440.5 .M43 2006
|h Library of Congress classification
|i unmediated -- volume
|k Gr.4:Suppl.:Teachers
|m A14834522976
|
| 952 |
f |
f |
|p normal
|a Texas A&M University
|b J.J. Pickle Campus
|c High Density Repository
|d Remote Storage
|t 0
|e RA440.5 .M43 2006
|h Library of Congress classification
|i unmediated -- volume
|k Gr.1
|m A14834523184
|
| 952 |
f |
f |
|p normal
|a Texas A&M University
|b J.J. Pickle Campus
|c High Density Repository
|d Remote Storage
|t 0
|e RA440.5 .M43 2006
|h Library of Congress classification
|i unmediated -- volume
|k Gr.8:Teachers ed.
|m A14834523142
|
| 952 |
f |
f |
|p normal
|a Texas A&M University
|b College Station
|c Sterling C. Evans Library
|d Evans: Curriculum Collection Textbooks (4th floor)
|t 0
|e RA440.5 .M43 2006
|h Library of Congress classification
|i unmediated -- volume
|k Gr.5:Suppl.
|m A14834523011
|
| 952 |
f |
f |
|p normal
|a Texas A&M University
|b College Station
|c Sterling C. Evans Library
|d Evans: Curriculum Collection Textbooks (4th floor)
|t 0
|e RA440.5 .M43 2006
|h Library of Congress classification
|i unmediated -- volume
|k Gr.5:Teachers
|m A14834522992
|
| 952 |
f |
f |
|p normal
|a Texas A&M University
|b College Station
|c Sterling C. Evans Library
|d Evans: Curriculum Collection Textbooks (4th floor)
|t 0
|e RA440.5 .M43 2006
|h Library of Congress classification
|i unmediated -- volume
|k Gr.5:Assessment
|m A14834523524
|
| 952 |
f |
f |
|p normal
|a Texas A&M University
|b College Station
|c Sterling C. Evans Library
|d Evans: Curriculum Collection Textbooks (4th floor)
|t 0
|e RA440.5 .M43 2006
|h Library of Congress classification
|i unmediated -- volume
|k Gr.2:Assessment
|m A14834523257
|
| 952 |
f |
f |
|p normal
|a Texas A&M University
|b College Station
|c Sterling C. Evans Library
|d Evans: Curriculum Collection Textbooks (4th floor)
|t 0
|e RA440.5 .M43 2006
|h Library of Congress classification
|i unmediated -- volume
|k Gr.7:Suppl.
|m A14834523443
|
| 952 |
f |
f |
|p normal
|a Texas A&M University
|b College Station
|c Sterling C. Evans Library
|d Evans: Curriculum Collection Textbooks (4th floor)
|t 0
|e RA440.5 .M43 2006
|h Library of Congress classification
|i unmediated -- volume
|k Gr.1:Big Book:no.1
|m A14834522837
|
| 952 |
f |
f |
|p normal
|a Texas A&M University
|b College Station
|c Sterling C. Evans Library
|d Evans: Curriculum Collection Textbooks (4th floor)
|t 0
|e RA440.5 .M43 2006
|h Library of Congress classification
|i unmediated -- volume
|k Gr.5:Assessment
|m A14834523003
|
| 952 |
f |
f |
|p normal
|a Texas A&M University
|b College Station
|c Sterling C. Evans Library
|d Evans: Curriculum Collection Textbooks (4th floor)
|t 0
|e RA440.5 .M43 2006
|h Library of Congress classification
|i unmediated -- volume
|k Gr.6:Teachers ed.
|m A14834523045
|
| 952 |
f |
f |
|p normal
|a Texas A&M University
|b College Station
|c Sterling C. Evans Library
|d Evans: Curriculum Collection Textbooks (4th floor)
|t 0
|e RA440.5 .M43 2006
|h Library of Congress classification
|i unmediated -- volume
|k Gr.2:Big Book:no.2
|m A14834523273
|
| 952 |
f |
f |
|p normal
|a Texas A&M University
|b College Station
|c Sterling C. Evans Library
|d Evans: Curriculum Collection Textbooks (4th floor)
|t 0
|e RA440.5 .M43 2006
|h Library of Congress classification
|i unmediated -- volume
|k Gr.8:Assessment
|m A14834523485
|
| 952 |
f |
f |
|p normal
|a Texas A&M University
|b College Station
|c Sterling C. Evans Library
|d Evans: Curriculum Collection Textbooks (4th floor)
|t 0
|e RA440.5 .M43 2006
|h Library of Congress classification
|i unmediated -- volume
|k Gr.4:Suppl.
|m A14834810939
|
| 952 |
f |
f |
|p normal
|a Texas A&M University
|b College Station
|c Sterling C. Evans Library
|d Evans: Curriculum Collection Textbooks (4th floor)
|t 0
|e RA440.5 .M43 2006
|h Library of Congress classification
|i unmediated -- volume
|k Gr.6:Suppl.:Teachers
|m A14834523079
|
| 952 |
f |
f |
|p normal
|a Texas A&M University
|b College Station
|c Sterling C. Evans Library
|d Evans: Curriculum Collection Textbooks (4th floor)
|t 0
|e RA440.5 .M43 2006
|h Library of Congress classification
|i unmediated -- volume
|k Gr.5:Suppl.:Teachers
|m A14834523354
|
| 952 |
f |
f |
|p normal
|a Texas A&M University
|b College Station
|c Sterling C. Evans Library
|d Evans: Curriculum Collection Textbooks (4th floor)
|t 0
|e RA440.5 .M43 2006
|h Library of Congress classification
|i unmediated -- volume
|k Gr.8:Suppl.
|m A14834523493
|
| 952 |
f |
f |
|p normal
|a Texas A&M University
|b College Station
|c Sterling C. Evans Library
|d Evans: Curriculum Collection Textbooks (4th floor)
|t 0
|e RA440.5 .M43 2006
|h Library of Congress classification
|i unmediated -- volume
|k Gr.1:Big Book:no.1
|m A14834523215
|
| 952 |
f |
f |
|p normal
|a Texas A&M University
|b J.J. Pickle Campus
|c High Density Repository
|d Remote Storage
|t 0
|e RA440.5 .M43 2006
|h Library of Congress classification
|i unmediated -- volume
|k Gr.7:Teachers ed.
|m A14834523427
|
| 952 |
f |
f |
|p normal
|a Texas A&M University
|b College Station
|c Sterling C. Evans Library
|d Evans: Curriculum Collection Textbooks (4th floor)
|t 0
|e RA440.5 .M43 2006
|h Library of Congress classification
|i unmediated -- volume
|k Gr.7:Suppl.:Teachers
|m A14834523126
|
| 952 |
f |
f |
|p normal
|a Texas A&M University
|b College Station
|c Sterling C. Evans Library
|d Evans: Curriculum Collection Textbooks (4th floor)
|t 0
|e RA440.5 .M43 2006
|h Library of Congress classification
|i unmediated -- volume
|k Gr.8:Suppl.
|m A14834523168
|
| 952 |
f |
f |
|p normal
|a Texas A&M University
|b J.J. Pickle Campus
|c High Density Repository
|d Remote Storage
|t 0
|e RA440.5 .M43 2006
|h Library of Congress classification
|i unmediated -- volume
|k Gr.7
|m A14834523419
|
| 952 |
f |
f |
|p normal
|a Texas A&M University
|b College Station
|c Sterling C. Evans Library
|d Evans: Curriculum Collection Textbooks (4th floor)
|t 0
|e RA440.5 .M43 2006
|h Library of Congress classification
|i unmediated -- volume
|k Gr.2:Assessment
|m A14834522879
|
| 952 |
f |
f |
|p normal
|a Texas A&M University
|b College Station
|c Sterling C. Evans Library
|d Evans: Curriculum Collection Textbooks (4th floor)
|t 0
|e RA440.5 .M43 2006
|h Library of Congress classification
|i unmediated -- volume
|k Gr.5:Suppl.
|m A14834523346
|
| 952 |
f |
f |
|p normal
|a Texas A&M University
|b College Station
|c Sterling C. Evans Library
|d Evans: Curriculum Collection Textbooks (4th floor)
|t 0
|e RA440.5 .M43 2006
|h Library of Congress classification
|i unmediated -- volume
|k Gr.4
|m A14834522934
|
| 952 |
f |
f |
|p normal
|a Texas A&M University
|b College Station
|c Sterling C. Evans Library
|d Evans: Curriculum Collection Textbooks (4th floor)
|t 0
|e RA440.5 .M43 2006
|h Library of Congress classification
|i unmediated -- volume
|k Gr.2:Big Book:no.1
|m A14834523265
|
| 952 |
f |
f |
|p normal
|a Texas A&M University
|b J.J. Pickle Campus
|c High Density Repository
|d Remote Storage
|t 0
|e RA440.5 .M43 2006
|h Library of Congress classification
|i unmediated -- volume
|k Gr.5:Teachers ed.
|m A14834523320
|
| 952 |
f |
f |
|p normal
|a Texas A&M University
|b College Station
|c Sterling C. Evans Library
|d Evans: Curriculum Collection Textbooks (4th floor)
|t 0
|e RA440.5 .M43 2006
|h Library of Congress classification
|i unmediated -- volume
|k Gr.5:Suppl.:Teachers
|m A14834523029
|
| 952 |
f |
f |
|p normal
|a Texas A&M University
|b J.J. Pickle Campus
|c High Density Repository
|d Remote Storage
|t 0
|e RA440.5 .M43 2006
|h Library of Congress classification
|i unmediated -- volume
|k Gr.2:Teachers ed.
|m A14834522861
|
| 952 |
f |
f |
|p normal
|a Texas A&M University
|b J.J. Pickle Campus
|c High Density Repository
|d Remote Storage
|t 0
|e RA440.5 .M43 2006
|h Library of Congress classification
|i unmediated -- volume
|k Gr.6:Teachers ed.
|m A14834523370
|
| 952 |
f |
f |
|p normal
|a Texas A&M University
|b College Station
|c Sterling C. Evans Library
|d Evans: Curriculum Collection Textbooks (4th floor)
|t 0
|e RA440.5 .M43 2006
|h Library of Congress classification
|i unmediated -- volume
|k Gr.4
|m A14835811174
|
| 952 |
f |
f |
|p normal
|a Texas A&M University
|b College Station
|c Sterling C. Evans Library
|d Evans: Curriculum Collection Textbooks (4th floor)
|t 0
|e RA440.5 .M43 2006
|h Library of Congress classification
|i unmediated -- volume
|k Gr.7:Suppl.
|m A14834523118
|
| 952 |
f |
f |
|p normal
|a Texas A&M University
|b College Station
|c Sterling C. Evans Library
|d Evans: Curriculum Collection Textbooks (4th floor)
|t 0
|e RA440.5 .M43 2006
|h Library of Congress classification
|i unmediated -- volume
|k Gr.8:Teachers ed,
|m A14834523477
|
| 952 |
f |
f |
|p normal
|a Texas A&M University
|b College Station
|c Sterling C. Evans Library
|d Evans: Curriculum Collection Textbooks (4th floor)
|t 0
|e RA440.5 .M43 2006
|h Library of Congress classification
|i unmediated -- volume
|k Gr.5:Assessment
|m A14834523338
|
| 952 |
f |
f |
|p normal
|a Texas A&M University
|b College Station
|c Sterling C. Evans Library
|d Evans: Curriculum Collection Textbooks (4th floor)
|t 0
|e RA440.5 .M43 2006
|h Library of Congress classification
|i unmediated -- volume
|k Gr.6:Suppl.:Teachers
|m A14834523401
|
| 952 |
f |
f |
|p normal
|a Texas A&M University
|b College Station
|c Sterling C. Evans Library
|d Evans: Curriculum Collection Textbooks (4th floor)
|t 0
|e RA440.5 .M43 2006
|h Library of Congress classification
|i unmediated -- volume
|k Gr.8:Suppl.:Teachers
|m A14834523176
|
| 952 |
f |
f |
|p normal
|a Texas A&M University
|b J.J. Pickle Campus
|c High Density Repository
|d Remote Storage
|t 0
|e RA440.5 .M43 2006
|h Library of Congress classification
|i unmediated -- volume
|k Gr.6
|m A14834523037
|
| 952 |
f |
f |
|p normal
|a Texas A&M University
|b College Station
|c Sterling C. Evans Library
|d Evans: Curriculum Collection Textbooks (4th floor)
|t 0
|e RA440.5 .M43 2006
|h Library of Congress classification
|i unmediated -- volume
|k Gr.4:Assessment
|m A14834522950
|
| 952 |
f |
f |
|p normal
|a Texas A&M University
|b College Station
|c Sterling C. Evans Library
|d Evans: Curriculum Collection Textbooks (4th floor)
|t 0
|e RA440.5 .M43 2006
|h Library of Congress classification
|i unmediated -- volume
|k Gr.6:Suppl.
|m A14834523396
|
| 952 |
f |
f |
|p normal
|a Texas A&M University
|b College Station
|c Sterling C. Evans Library
|d Evans: Curriculum Collection Textbooks (4th floor)
|t 0
|e RA440.5 .M43 2006
|h Library of Congress classification
|i unmediated -- volume
|k Gr.2
|m A14834522853
|
| 952 |
f |
f |
|p normal
|a Texas A&M University
|b College Station
|c Sterling C. Evans Library
|d Evans: Curriculum Collection Textbooks (4th floor)
|t 0
|e RA440.5 .M43 2006
|h Library of Congress classification
|i unmediated -- volume
|k Gr.3:Assessment
|m A14834522926
|
| 952 |
f |
f |
|p normal
|a Texas A&M University
|b College Station
|c Sterling C. Evans Library
|d Evans: Curriculum Collection Textbooks (4th floor)
|t 0
|e RA440.5 .M43 2006
|h Library of Congress classification
|i unmediated -- volume
|k Gr.2:Big Book:no.1
|m A14834522887
|
| 952 |
f |
f |
|p normal
|a Texas A&M University
|b College Station
|c Sterling C. Evans Library
|d Evans: Curriculum Collection Textbooks (4th floor)
|t 0
|e RA440.5 .M43 2006
|h Library of Congress classification
|i unmediated -- volume
|k Gr.7:Teachers
|m A14834523095
|
| 952 |
f |
f |
|p normal
|a Texas A&M University
|b College Station
|c Sterling C. Evans Library
|d Evans: Curriculum Collection Textbooks (4th floor)
|t 0
|e RA440.5 .M43 2006
|h Library of Congress classification
|i unmediated -- volume
|k Gr.7:Assessment
|m A14834523435
|
| 952 |
f |
f |
|p normal
|a Texas A&M University
|b College Station
|c Sterling C. Evans Library
|d Evans: Curriculum Collection Textbooks (4th floor)
|t 0
|e RA440.5 .M43 2006
|h Library of Congress classification
|i unmediated -- volume
|k Gr.6:Assessment
|m A14834523388
|
| 952 |
f |
f |
|p normal
|a Texas A&M University
|b College Station
|c Sterling C. Evans Library
|d Evans: Curriculum Collection Textbooks (4th floor)
|t 0
|e RA440.5 .M43 2006
|h Library of Congress classification
|i unmediated -- volume
|k Gr.1:Assessment
|m A14834523207
|
| 952 |
f |
f |
|p normal
|a Texas A&M University
|b College Station
|c Sterling C. Evans Library
|d Evans: Curriculum Collection Textbooks (4th floor)
|t 0
|e RA440.5 .M43 2006
|h Library of Congress classification
|i unmediated -- volume
|k Gr.7:Assessment
|m A14834523100
|
| 952 |
f |
f |
|p normal
|a Texas A&M University
|b J.J. Pickle Campus
|c High Density Repository
|d Remote Storage
|t 0
|e RA440.5 .M43 2006
|h Library of Congress classification
|i unmediated -- volume
|k Gr.3:Teachers ed.
|m A14834523299
|
| 952 |
f |
f |
|p normal
|a Texas A&M University
|b College Station
|c Sterling C. Evans Library
|d Evans: Curriculum Collection Textbooks (4th floor)
|t 0
|e RA440.5 .M43 2006
|h Library of Congress classification
|i unmediated -- volume
|k Gr.3
|m A14834522900
|
| 952 |
f |
f |
|p normal
|a Texas A&M University
|b J.J. Pickle Campus
|c High Density Repository
|d Remote Storage
|t 0
|e RA440.5 .M43 2006
|h Library of Congress classification
|i unmediated -- volume
|k Gr.5
|m A14834523312
|
| 952 |
f |
f |
|p normal
|a Texas A&M University
|b College Station
|c Sterling C. Evans Library
|d Evans: Curriculum Collection Textbooks (4th floor)
|t 0
|e RA440.5 .M43 2006
|h Library of Congress classification
|i unmediated -- volume
|k Gr.3:Teachers ed.
|m A14834522918
|
| 952 |
f |
f |
|p normal
|a Texas A&M University
|b J.J. Pickle Campus
|c High Density Repository
|d Remote Storage
|t 0
|e RA440.5 .M43 2006
|h Library of Congress classification
|i unmediated -- volume
|k Gr.4
|m A14835841852
|
| 952 |
f |
f |
|p normal
|a Texas A&M University
|b College Station
|c Sterling C. Evans Library
|d Evans: Curriculum Collection Textbooks (4th floor)
|t 0
|e RA440.5 .M43 2006
|h Library of Congress classification
|i unmediated -- volume
|k Gr.5
|m A14834522984
|
| 998 |
f |
f |
|a RA440.5 .M43 2006
|s Accompanying material:
|t 0
|l Evans: Curriculum Collection Textbooks (4th floor)
|
| 998 |
f |
f |
|a RA440.5 .M43 2006
|s Accompanying material:
|t 0
|l Evans: Curriculum Collection Textbooks (4th floor)
|
| 998 |
f |
f |
|a RA440.5 .M43 2006
|s Gr.4
|t 0
|l Evans: Curriculum Collection Textbooks (4th floor)
|